| 000 | 00455nam a2200169Ia 4500 | ||
|---|---|---|---|
| 008 | 221030s9999 xx 000 0 und d | ||
| 020 | _a8175440643 | ||
| 041 | _aEnglish | ||
| 082 |
_a105.23 _bMeh |
||
| 100 | _aS. Mehta | ||
| 245 | 0 |
_aWheeler`s Question Bank Series - System Software Analysis & Design _cby S. Mehta, R. Bangia |
|
| 260 |
_bWheeler Pub. _aNew Delhi _c1999 |
||
| 300 | _a83 | ||
| 650 | _aBE Computer | ||
| 700 | _aR. Bangia | ||
| 942 | _cBK | ||
| 999 |
_c5798 _d5798 |
||